000
00282nam a2200109Ia 4500
001
1272368
005
20260417151427.0
008
260417s9999 xx 000 0 und d
020
_a
9786255929587
245
0
_a
Kanatlı Matematik Maceraları
_c
Nancy Krulik
260
_b
Ketebe Çocuk
999
_c
1272368
_d
1272368